000 01245nam a2200289 a 4500
005 20151127031624.0
008 151127b gy ||||fr|||| 00| 0 fre d
040 _aCO-BoIAVH
_cCO-BoIAVH
041 0 _afre
_aspa
082 0 4 _a598.1788
_bG35g
245 1 0 _aGuide technique pour la prise compte du coq-de-roche dans les projets d'aménagement
246 1 _aGuía técnica para la integración del gallito de las rocas en los proyectos de desarrollo
260 3 _aGuyana:
_bGEPOG,
_c2015.
300 _a39 páginas :
_bgráficas, ilustraciones y fotografías a color ;
_c30 x 21 cm.
504 _aIncluye referencias bibliográficas (páginas 38).
546 _aEn francés y español.
650 4 _aAves
_vGuía técnica
_xDesarrollo
650 4 _aGallito de las rocas
_vGuía técnica
_xDesarrollo
650 4 _aGallito de las rocas
_xEcología
_xDesarrollo
650 4 _aRupicola rupicola
_vGuía técnica
700 1 _aRicardou, Alizée
_eRedactor
700 1 _aLefevre, Sophie
_eRedactora
700 1 _aLuglia, Thomas
_eRedactor
700 1 _ade Pracontal, Nyls
_eRedactor
710 2 _aGroupe d'Etdude et de Protection des Oiseaux en Guyane - GEPOG
942 _2z
_cLIBRO
999 _c17880
_d17880